00675nam a2200241 a 4500001001300000003000900013005001700022008004100039020001000080082001300090100001300103245005400116260002700170300000800197500003500205505001300240650002300253700001300276902000800289942000700297952011400304999001500418nice12345678IN_TiNIC20260116012932.0050524s1981 newa grp 000 0 eng  ac10000a297bUNE aUnesco,  aIslamb 15th Century of He Hegira: Unesco Courier aNew YorkbUnescoc1981 a78p aincludes index and biblioraphy2 aEpilogue aIslam-20th Century1 aUnesco,  bSRS cBK 001040708StackRoom-aHMIbHMId2007-07-30g100.00l0o297 UNEp013916r2007-07-30v100.00w2005-05-24yBK c8960d8960